000 00340nam a2200133 i 4500
001 bg
100 1 _aZAJĄCZKOWSKI, Mirosław
245 0 _aProjekty wynalazcze i ich ochrona prawna /
_cMirosław Zajączkowski.
260 _aSzczecn,
_c1982.
040 _cBPK
041 _apol
942 _cKS
008 s pl f |000 0 pol
999 _c20970
_d20970
856 _uhttp://koha.tu.koszalin.pl/cgi-bin/koha/opac-detail.pl?biblionumber=20970
_yKatalog online BPK